<?xml version="1.0" encoding="UTF-8"?>
<record
    xmlns:xsi="http://www.w3.org/2001/XMLSchema-instance"
    xsi:schemaLocation="http://www.loc.gov/MARC21/slim http://www.loc.gov/standards/marcxml/schema/MARC21slim.xsd"
    xmlns="http://www.loc.gov/MARC21/slim">

  <leader>00766nam a22002057a 4500</leader>
  <datafield tag="999" ind1=" " ind2=" ">
    <subfield code="c">39742</subfield>
    <subfield code="d">39742</subfield>
  </datafield>
  <datafield tag="020" ind1=" " ind2=" ">
    <subfield code="a">8175201649</subfield>
  </datafield>
  <datafield tag="041" ind1=" " ind2=" ">
    <subfield code="a">eng</subfield>
  </datafield>
  <datafield tag="082" ind1=" " ind2=" ">
    <subfield code="a">RR 378.54</subfield>
    <subfield code="b">UNI-</subfield>
  </datafield>
  <datafield tag="245" ind1=" " ind2=" ">
    <subfield code="a">Universities Handbook, 2024 /</subfield>
    <subfield code="c">Association of Indian University</subfield>
  </datafield>
  <datafield tag="250" ind1=" " ind2=" ">
    <subfield code="a">35th ed.</subfield>
  </datafield>
  <datafield tag="260" ind1=" " ind2=" ">
    <subfield code="a">New Delhi :</subfield>
    <subfield code="b">Association of Indian Universities, </subfield>
    <subfield code="c">2024.</subfield>
  </datafield>
  <datafield tag="300" ind1=" " ind2=" ">
    <subfield code="a">5942p.</subfield>
  </datafield>
  <datafield tag="500" ind1=" " ind2=" ">
    <subfield code="a">Contents: 4 Volumes: Vol.1 (A-D), (xxxvi,1420p.) - Vol.2 (E-L), (1421-2752p.) - Vol.3 (M-R), (2753-4076p.) - Vol.4 (S-Z), (4077-5942p.) </subfield>
  </datafield>
  <datafield tag="546" ind1=" " ind2=" ">
    <subfield code="a">English.</subfield>
  </datafield>
  <datafield tag="650" ind1=" " ind2=" ">
    <subfield code="a"> Education, Higher</subfield>
    <subfield code="v">Handbooks, manuals, etc.</subfield>
    <subfield code="z">India </subfield>
  </datafield>
  <datafield tag="650" ind1=" " ind2=" ">
    <subfield code="a">Universities and colleges</subfield>
    <subfield code="v">Handbooks, manuals, etc.</subfield>
    <subfield code="z">India</subfield>
  </datafield>
  <datafield tag="650" ind1=" " ind2=" ">
    <subfield code="a">Education, Higher</subfield>
  </datafield>
  <datafield tag="710" ind1=" " ind2=" ">
    <subfield code="a">Association of Indian Universities</subfield>
  </datafield>
  <datafield tag="942" ind1=" " ind2=" ">
    <subfield code="2">ddc</subfield>
    <subfield code="c">RB</subfield>
  </datafield>
  <datafield tag="952" ind1=" " ind2=" ">
    <subfield code="0">0</subfield>
    <subfield code="1">0</subfield>
    <subfield code="4">0</subfield>
    <subfield code="7">1</subfield>
    <subfield code="a">NASSDOC</subfield>
    <subfield code="b">NASSDOC</subfield>
    <subfield code="d">2025-09-15</subfield>
    <subfield code="e">Gratis</subfield>
    <subfield code="g">0.00</subfield>
    <subfield code="h">Vol.1</subfield>
    <subfield code="i">NA</subfield>
    <subfield code="l">0</subfield>
    <subfield code="o">RR 378.54 UNI-; Vol-1</subfield>
    <subfield code="p">54840</subfield>
    <subfield code="r">2025-05-29 00:00:00</subfield>
    <subfield code="v">0.00</subfield>
    <subfield code="w">2025-05-29</subfield>
    <subfield code="y">RB</subfield>
  </datafield>
  <datafield tag="952" ind1=" " ind2=" ">
    <subfield code="0">0</subfield>
    <subfield code="1">0</subfield>
    <subfield code="4">0</subfield>
    <subfield code="7">1</subfield>
    <subfield code="a">NASSDOC</subfield>
    <subfield code="b">NASSDOC</subfield>
    <subfield code="d">2025-09-15</subfield>
    <subfield code="e">Gratis</subfield>
    <subfield code="g">0.00</subfield>
    <subfield code="h">Vol. 2</subfield>
    <subfield code="i">NA</subfield>
    <subfield code="l">0</subfield>
    <subfield code="o">RR 378.54 UNI-; Vol-2</subfield>
    <subfield code="p">54841</subfield>
    <subfield code="r">2025-05-29 00:00:00</subfield>
    <subfield code="v">0.00</subfield>
    <subfield code="w">2025-05-29</subfield>
    <subfield code="y">RB</subfield>
  </datafield>
  <datafield tag="952" ind1=" " ind2=" ">
    <subfield code="0">0</subfield>
    <subfield code="1">0</subfield>
    <subfield code="4">0</subfield>
    <subfield code="7">1</subfield>
    <subfield code="a">NASSDOC</subfield>
    <subfield code="b">NASSDOC</subfield>
    <subfield code="d">2025-09-15</subfield>
    <subfield code="e">Gratis</subfield>
    <subfield code="g">0.00</subfield>
    <subfield code="h">Vol. 3</subfield>
    <subfield code="i">NA</subfield>
    <subfield code="l">0</subfield>
    <subfield code="o">RR 378.54 UNI-; Vol-3</subfield>
    <subfield code="p">54842</subfield>
    <subfield code="r">2025-05-29 00:00:00</subfield>
    <subfield code="v">0.00</subfield>
    <subfield code="w">2025-05-29</subfield>
    <subfield code="y">RB</subfield>
  </datafield>
  <datafield tag="952" ind1=" " ind2=" ">
    <subfield code="0">0</subfield>
    <subfield code="1">0</subfield>
    <subfield code="4">0</subfield>
    <subfield code="7">1</subfield>
    <subfield code="a">NASSDOC</subfield>
    <subfield code="b">NASSDOC</subfield>
    <subfield code="d">2025-09-15</subfield>
    <subfield code="e">Gratis</subfield>
    <subfield code="g">0.00</subfield>
    <subfield code="h">Vol. 4</subfield>
    <subfield code="i">NA</subfield>
    <subfield code="l">0</subfield>
    <subfield code="o">RR 378.54 UNI-; Vol-4</subfield>
    <subfield code="p">54843</subfield>
    <subfield code="r">2025-05-29 00:00:00</subfield>
    <subfield code="v">0.00</subfield>
    <subfield code="w">2025-05-29</subfield>
    <subfield code="y">RB</subfield>
  </datafield>
</record>
